000 00524nam a22001697a 4500
005 20251108165318.0
008 250721s1981 xx 000 0 ara d
082 1 4 _a956.61/عبد
100 1 _aبن صقيه، عبد الله إبن علي
245 1 0 _aبنو تميم في بلاد الجبلين (منطقة حايل ) /
264 1 _aالرياض :
_bدار اليمامه،
_c1981.
300 _a126ص : فهارس
650 1 7 _aالسعودية
650 1 7 _aالتاريخ
942 _2ddc
_cBK
999 _c24806
_d24806